000
00202 a2200097 4500
001
36531
100
_a
Mirza Adeeb
245
_a
Satawa Chirgh
260
_a
_b
Maqbool Academy
_c
090
_c
23612
_d
23612
942
_a
NUST-CAE
_c
M
_c
15128
999
_c
271604
_d
271604